000 00700nam a2200181Ia 4500
008 090630s9999 xx 000 0 und d
082 _b14905
100 _aदेवळे श. रा.
245 _aसंभाजी महाराज आणि राजाराम.
_cदेवळे श. रा.
260 _bमनोरमा - मुंबई.
_c1994
300 _a64
600 _aदेवळे श. रा.
630 _aसंभाजी महाराज आणि राजाराम.
655 _aबालवाङमय.
700 _aदेवळे श. रा.
730 _aसंभाजी महाराज आणि राजाराम.
942 _cBOOK
999 _c266761
_d266761